| 000 | 00511nam a2200181Ia 4500 | ||
|---|---|---|---|
| 999 |
_c32023 _d32023 |
||
| 003 | OSt | ||
| 005 | 20200728115910.0 | ||
| 008 | 190216s9999||||xx |||||||||||||| ||und|| | ||
| 020 | _a9788130902739 | ||
| 040 | _coclc | ||
| 082 |
_a510.3 _bTAN/E |
||
| 100 |
_a Tanton, James _93820 |
||
| 245 | 4 |
_aThe Encyclopaedia of Mathematics / _c James Tanton |
|
| 260 |
_bViva Book, _aNew Delhi: _c2006. |
||
| 300 | _a568p | ||
| 650 | _aMathematics | ||
| 942 |
_cBK _2ddc _h510.3 _iTAN/E _k510.3 _mTAN/E |
||